000 01046nam a22003257a 4500
003 CHAP
005 20220817043252.0
008 971013s1983 r 00010 d
010 _a70004
011 _a70976
035 _a80530
040 _cCHAP
082 _a639.3
_bC5
100 0 0 _aCifuentes Lemus, Juan Luis.
_923272
245 _aRecursos marinos
260 _aMéxico, D. F. :
_bTrillas,
_c1983
300 _av.
_b: ilus.
490 _aTemas básicos. Area biología
500 _aLa biblioteca tiene: v.2
590 _aBATCH-UPD
_b10
_c20130110
_lUCH01
_h1705
590 _aBATCH-UPD
_b10
_c20130410
_lUCH01
_h1052
590 _aBATCH-UPD
_b10
_c20130914
_lUCH01
_h1734
590 _aCONVERSION
_b10
_c20130109
_lUCH01
_h1338
650 1 4 _aRecursos marinos.
830 0 _aTemas básicos : Area biología
901 _aBK
942 _cLIBRO
949 _a639.3 C5
_bBC
_cLIBRO
_d33724000095709
_eLIBRO
_fv.2 c.2
_gI. c/e
_h74071
_i80530
_si
_t1.25
949 _a639.3 C5
_bBC
_cLIBRO
_d33724002205579
_eLIBRO
_fv.2
_gI. c/e
_h74070
_i80530
_si
_t1.25
999 _c70004
_d70004